| 000 | 00423nam a2200145 i 4500 | ||
|---|---|---|---|
| 001 | 44278 | ||
| 003 | ES-MaACL | ||
| 005 | 20230906161007.0 | ||
| 007 | t| | ||
| 008 | 030321s1969 sp ||||1| spa d | ||
| 245 | 0 | 0 |
_aCiencias de la educación _b: [oposiciones a ingreso en el magisterio nacional]. |
| 260 |
_a[Gandia : _bDiroctores reunidos, _c1969] |
||
| 300 |
_a215 p. ; _c24 cm. |
||
| 852 |
_aES-MaACL _jC-46740 _bR.70891 |
||
| 999 |
_c44278 _d44278 |
||